00988nam a2200289Ia 450000500170000000800370001702000180005410000310007224500880010325000430019130000250023449000090025953400190026860000290028765000330031665000370034965000380038665000340042465000360045870000360049426400330053033600270056333700330059033800280062304000350065108400120068620220317001458.0161108s2003 ag g 000 f s a97898715440111 aMankel, Henningd1948-201513aEl hombre sonrientecHenning Mankell ; traducción del sueco de Carmen Montes Cano aPrimera dición, cuarta reimpresión a476 páginasc19 cm aMaxi tMannen som log14aAutores SuecosySiglo XX142LEMBaNovela suecaySiglo XX142LEMBaLiteratura suecaySiglo XX142LEMBaDetectives en la literatura142LEMBaCrimen en la literatura142LEMBaMisterio en la literatura1 aMontes Cano, Carmenetraductora aBuenos AiresbTusquetsc2003 atextobtxt2rdacontent asin mediaciónbn2rdamedia avolumenbnc2rdacarrier aCO-BoRNBPbspaerdacCO-BoRNBP aN MAN16